[Event "IBCA World-chT blind 9th"]
[Site "Ohrid"]
[Date "2022.07.07"]
[Round "9.4"]
[White "Radovilsky, Yan"]
[Black "Bratu, Gheorghe"]
[Result "1-0"]
[WhiteElo "2094"]
[BlackElo "1702"]
[PlyCount "105"]
[EventDate "2022.06.28"]
[EventType "team-swiss"]
[EventRounds "9"]
[EventCountry "MKD"]
[SourceTitle "EXT 2024"]
[Source "ChessBase"]
[SourceDate "2023.10.10"]
[SourceVersion "1"]
[SourceVersionDate "2023.10.10"]
[SourceQuality "1"]
[WhiteTeam "Israel"]
[BlackTeam "Romania"]
[WhiteTeamCountry "ISR"]
[BlackTeamCountry "ROU"]

1. c4 c6 2. d4 d5 3. cxd5 cxd5 4. Nc3 Nf6 5. Bf4 a6 6. e3 Nc6 7. Bd3 g6 8. Qc2 Bg7 9. a3 0-0 10. Nf3 Be6 11. 0-0 Rc8 12. Rfc1 Qd7 13. Ne5 Nxe5 14. Bxe5 Rfd8 15. Qb3 Ne8 16. Bg3 Bf5 17. Bxf5 gxf5 18. Na4 Rxc1+ 19. Rxc1 Rc8 20. Rxc8 Qxc8 21. Nc5 Nf6 22. Qxb7 Qxb7 23. Nxb7 Nd7 24. Bc7 Kf8 25. b4 Ke8 26. Kf1 Bf8 27. Ke2 e6 28. Kd3 Nf6 29. f3 Kd7 30. Be5 Ne8 31. Nc5+ Bxc5 32. dxc5 Kc6 33. Kc3 f6 34. Bg3 Kb5 35. Bh4 a5 36. Kb3 axb4 37. axb4 e5 38. h3 h6 39. Kc3 Ka4 40. g4 fxg4 41. hxg4 Nc7 42. Bxf6 Nb5+ 43. Kd3 Kxb4 44. Bxe5 Kxc5 45. f4 Kc6 46. f5 Kd7 47. Bf4 h5 48. gxh5 Ke7 49. Be5 Kf7 50. h6 Kg8 51. f6 Na7 52. f7+ Kxf7 53. h7 1-0